000 00515nam a2200181Ia 4500
008 240925s9999 xx 000 0 und d
020 _a9781259098406
082 _a808.042 LAN
100 _aLangan, John
245 0 _aCollege Writings Skills With Readings
250 _a1st
260 _aNew Delhi:
_bMcGraw Hill Education (India) Private Limited
_c,2008.
300 _axviii,988p.
_bNA
_fOriginal
500 _aIncludes Index
600 _aHumanities & Natural Science
650 _aLiterature
942 _cBK
999 _c12414
_d12414